El Instituto de Psicología Aplicada y Psicotecnia de Barcelona : notas sobre su evolución histórica notas sobre su evolución histórica
Publicado:
Barcelona :
Diputación Provincial de Barcelona. Instituto de Psicología Aplicada y Psicotecnia ,
1964
Descripción Física:
30 p. : il., [2] f. de làm. ; 25 cm
MARC
| LEADER | 00000nam a2200000Ia 4500 | ||
|---|---|---|---|
| 001 | 1913 | ||
| 003 | BGR | ||
| 005 | 20260324175235.0 | ||
| 008 | 160829s1964 xx 000 0 cat d | ||
| 080 | |a FU-5-19 | ||
| 110 | 2 | |a Instituto de Psicología Aplicada y Psicotecnia (Barcelona) |9 71186 | |
| 245 | |a El Instituto de Psicología Aplicada y Psicotecnia de Barcelona : |b notas sobre su evolución histórica | ||
| 260 | |a Barcelona : |b Diputación Provincial de Barcelona. Instituto de Psicología Aplicada y Psicotecnia, |c 1964 | ||
| 300 | |a 30 p. : |b il., [2] f. de làm. ; |c 25 cm | ||
| 590 | |a A peu de portada: 1914-1964. Cincuentenario de la fundación del Secretariado de Aprendizaje, hoy Instituto de Psicología Aplicada y Psicotecnia. | ||
| 590 | |a Hi ha un duplicat: DUP-65-7 | ||
| 650 | |a Instituto de Psicología Aplicada i Psicotecnia (Barcelona) |x Història |9 22798 | ||
| 901 | |a Arxiu | ||
| 942 | |n 1 |2 udc |c MON | ||
| 952 | |0 0 |1 0 |4 0 |6 FU519 |7 1 |9 42336 |a Arxiu |b Arxiu |d 2016-12-01 |l 0 |o FU-5-19 |p 1913 |r 2016-12-01 00:00:00 |w 2016-12-01 |y ARXIU | ||
| 999 | |c 44814 |d 44814 | ||